00400nam a2200145Ia 450000500170000000800460001703700120006304000200007504100130009508400190010810000190012724500530014626000450019930000100024420250508153320.0008 250505s9999 xx 000 0 eng d aTextual aFEDLbengcFEDL aeng2eng a607, DOUqFEDL aDouglas Paul H 0aAmerican apprenticeship and industrial education aNew York, USAbColumbia Universityc1921 a348p.